[Event "Grand Prix de Monthey 2017"]
[Site "Monthey"]
[Date "2017.12.17"]
[Round "5"]
[White "Binder, Beat"]
[Black "Pecorini, Angie"]
[Result "1-0"]
[WhiteElo "1979"]
[BlackElo "1748"]
[Annotator "Darbellay,Gérald"]
[PlyCount "73"]
[EventDate "2017.12.17"]
[EventRounds "7"]
[EventCountry "SUI"]

1. d4 Nf6 2. Bf4 g6 3. e3 d5 4. Bd3 Bg7 5. Nd2 Nbd7 (5... Nh5) 6. Ngf3 O-O 7.
h3 {pour jouer Fh2 aprÃ s Ch5} c5 {exerce une pression centrale, premier
fondement du jeu d'Ã checs   1. ContrÃ'le ou occupation du centre} 8. c3 b6 (
8... Qb6 $5) 9. O-O Bb7 10. Bh2 $5 {coup prÃ voyant anticipant Ch5    10. De2
continuant le dÃ veloppement est plus logique} Ne8 {Coup passif mais pas
mauvais plus actif est 10....Ce4} 11. Ne5 $5 (11. Qe2 $1) 11... Nxe5 12. dxe5
Nc7 $1 {recycle le cavalier sur une case plus forte} 13. f4 $11 {13 ....Dd7
liant les tours semble raisonnable} d4 $5 {la fougue de la jeunesse demande Ã 
s'exprimer} 14. cxd4 (14. exd4 cxd4 15. Be4 $11 {neutralise le Fou b7 qui
trÃ'ne sur la diagonale a8 - h1}) 14... cxd4 15. e4 Ne6 {le cavalier menace de
prendre place sur la case c5} (15... Rc8) 16. b4 a5 $11 (16... Bh6) 17. a3 Ba6
$6 (17... Bh6 {EmpÃ|_che f4-f5} 18. f5 Be3+ 19. Kh1 Ng5 $15) 18. Bxa6 Rxa6 19.
f5 $1 $14 Nc7 20. f6 $6 (20. e6 $1 $16 fxe6 (20... gxf5 21. exf7+ Rxf7 22. Qb3
$1 e6 23. exf5 Qd5 24. Rac1 Qxb3 25. Nxb3 Ra7 26. bxa5 bxa5 27. f6 $1 Bh6 28.
Rc6 Be3+ 29. Kh1 d3 30. Rf3 d2 31. Rg3+ Kf8 32. Nxd2 Bxd2 33. Rd3 Bh6 34. Rd8+
Ne8 35. Bd6+ $18) 21. fxg6 hxg6 22. Rxf8+ Bxf8 23. Qg4 $18) 20... exf6 $1 21.
exf6 Bh6 $11 22. Nc4 axb4 23. axb4 b5 $5 (23... Rxa1 24. Qxa1 Nb5 $11) 24. Rxa6
Nxa6 25. Nd6 $1 Be3+ (25... Qb6) 26. Kh1 Nxb4 27. Nf5 $2 {Un coup de Poker qui
va rÃ ussir contre la jeune et talentueuse joueuse} Re8 $6 {il fallait
accepter le don} (27... gxf5 $1 28. Qe1 (28. Qh5 Qxf6 $19) 28... Kh8 (28...
Qxf6 $5 29. Qxb4 f4 $19) 29. Qxb4 fxe4 $19) 28. Ne7+ $1 {Et oui maintenant le
cavalier saute l'obstacle pour s'incruster dans le camp adverse} Kf8 $2 {le
cavalier e7 est trop fort il fallait donner la tour par Txe7 !} (28... Rxe7 $1
29. fxe7 Qxe7 30. Qb3 Kg7 31. Rb1 Bd2 $1 $14 {et la partie continue encore
longtemps}) 29. Qb3 $18 Bd2 30. Bf4 $2 (30. Rf2 $1 $18) 30... Bxf4 31. Rxf4 Qa5
$6 (31... Qd6 $1 32. Rf1 (32. e5 Qc5 $17) 32... Nc6 33. Nxc6 Qxc6 34. Qb4+ Kg8
35. Qxd4 Rxe4 $17) 32. Rf1 (32. Rh4 $1 d3 33. Qxb4 $3 Qxb4 (33... d2 34. Nxg6+
Kg8 35. Ne7+ Kf8 36. Qxa5 d1=Q+ 37. Kh2 Qd6+ 38. Kg1 Qd4+ 39. Kf1 Qxf6+ 40. Nf5
Rxe4 41. Qa3+ b4 42. Qa5 Rxh4 43. Qa8+ Qd8 44. Qxd8#) 34. Rxh7 $18) 32... Na6 (
32... Ra8) 33. Qd5 (33. Qg3 $1) 33... Rd8 34. Qg5 Nb4 35. Qc5 Ke8 36. Nxg6 Kd7
{Jolie partie des 2 protagonistes et Ã  relever  la promesse d'un grand talent
Ã  devenir pour la jeune fille !!!} 37. Ne5+ 1-0

[Event "Grand Prix de Monthey 2017"]
[Site "Monthey"]
[Date "2017.12.17"]
[Round "5"]
[White "Pavlovic, Milos"]
[Black "Huss, Andreas"]
[Result "1-0"]
[WhiteElo "2463"]
[BlackElo "2259"]
[Annotator "Darbellay,Gérald"]
[PlyCount "79"]
[EventDate "2017.12.17"]
[EventRounds "7"]
[EventCountry "SUI"]

1. d4 e6 2. g3 Nf6 3. Bg2 d5 4. Nf3 Be7 5. c4 c6 6. O-O O-O 7. Qc2 b6 8. Rd1
Bb7 (8... Ba6) 9. Ne5 (9. Nc3) 9... Qc8 $5 (9... Nbd7 10. cxd5 cxd5 11. Nc6
Bxc6 12. Qxc6 Rc8 13. Qb5 Nb8 $1 14. Nc3 Nc6 $11) 10. Nc3 Nbd7 11. e4 {coup
standard dans cette position , les Blancs prennent de l'espace au centre} Nxe5
12. dxe5 Nxe4 13. Nxe4 dxe4 14. Bxe4 h6 $11 15. Be3 c5 {Bien jouÃ  par le MI
Huss jusqu'ici le centre est nivelÃ  et le fou e4 neutralisÃ } 16. Rd2 Bxe4 17.
Qxe4 Qc7 18. Rad1 Rad8 $11 19. h4 (19. Kg2) 19... Rxd2 20. Rxd2 Rd8 {on ne
donne pas la colonne d sans raison} 21. Rxd8+ Bxd8 (21... Qxd8 22. Qb7 g5 $1
$11) {prends de l'espace ,contrÃ'le la case g6 et grÃKce au fou e3 exerce une
pression sur h6} 22. h5 $1 Qd7 23. Kg2 $11 {= ou minime avantage Blancs} Be7
24. b3 Kh8 $5 {Les noirs mis sous pression jouent des coups d'attente} 25. f4
Kg8 26. Kf2 f5 {Et voilÃ  les Noirs commencent Ã  faire des concessions
pourquoi pas Dd1+ aprÃ..s f5 il se retrouvent avec un pion isolÃ  ?} 27. exf6
Bxf6 $14 28. Ke2 $1 {Fini Dd1} Bb2 29. g4 $14 e5 $2 {C'est la panique, il
fallait laisser venir les Blancs et jouer De8 -f7 par exemple} 30. fxe5 $16 {
Pawn is Pawn  merci du cadeau} Qe6 31. Kf3 $1 {Met le Roi en avant-garde pour
le final} Qxe5 32. Qxe5 Bxe5 33. Ke4 $18 Bc3 34. Bf4 Kf7 35. Bb8 a6 36. Bc7 (
36. Ba7) 36... Ba5 37. Kd5 g6 38. Bf4 $1 gxh5 39. gxh5 Kg7 40. Kc6 1-0

[Event "Grand Prix de Monthey 2017"]
[Site "Monthey"]
[Date "2017.12.17"]
[Round "6"]
[White "Riand, Jean - Yves"]
[Black "Perruchoud, Pierre"]
[Result "0-1"]
[WhiteElo "1891"]
[BlackElo "2023"]
[Annotator "Darbellay,Gérald"]
[PlyCount "44"]
[EventDate "2017.12.17"]
[EventRounds "7"]
[EventCountry "SUI"]

1. e4 d5 {DÃ fense Scandinave} 2. exd5 (2. Nc3) 2... Qxd5 (2... Nf6) 3. Nc3 Qa5
(3... Qd6) (3... Qd8) 4. d4 Nf6 5. Nf3 c6 {PrÃ pare le retrait de la Dame au
cas ou les Blancs l'attaqueraient} 6. Bc4 Bf5 7. Bd2 e6 (7... Nbd7) 8. Nd5 (8.
Ne4 Qd8 9. Nxf6+ Qxf6 10. O-O) 8... Qd8 9. Nxf6+ Qxf6 10. Qe2 (10. O-O) 10...
Bg4 $5 (10... Nd7) 11. d5 $5 (11. O-O-O Nd7 12. d5 cxd5 13. Bxd5 Ba3 14. c3 O-O
15. Be4 $14) 11... cxd5 12. Bxd5 $14 Nc6 13. O-O-O (13. Bc3 Qf4 14. g3 Qa4 15.
O-O $14) 13... Ba3 14. c3 {bien sÃ>>r pas 14.bxa3 car Da1 mat !} Be7 $11 15.
Be4 O-O 16. h3 Bf5 17. Bxc6 (17. Bg5) 17... bxc6 18. Bg5 $4 (18. g4 $1 $11)
18... Qxg5+ $1 $19 19. Nxg5 Bxg5+ 20. Rd2 Rad8 21. Rhd1 Rxd2 22. Rxd2 Rd8 0-1

[Event "Grand Prix de Monthey 2017"]
[Site "Monthey"]
[Date "2017.12.17"]
[Round "6"]
[White "Zaza, Alexandre"]
[Black "Gemelli, Romain"]
[Result "1-0"]
[WhiteElo "1984"]
[BlackElo "1562"]
[Annotator "Darbellay,Gérald"]
[PlyCount "63"]
[EventDate "2017.12.17"]
[EventRounds "7"]
[EventCountry "SUI"]

1. e4 c5 2. Nf3 d6 3. d4 cxd4 4. Nxd4 Nf6 5. Nc3 g6 {la fameuse variante du
Dragon !!??} 6. g3 (6. Be3) 6... Bg7 7. Bg2 Qb6 $5 (7... O-O) 8. Nb3 (8. O-O $5
Nxe4 9. Nd5 Qxd4 10. Qxd4 Bxd4 11. Bxe4 Na6 12. Bg2 e6 13. Re1 $44) 8... Nc6 (
8... Bg4 9. f3 Be6 $11) 9. Be3 (9. Bg5) 9... Qc7 10. h3 a6 11. a4 Bd7 (11...
Ne5 {avec l'idÃ e de contrÃ'ler la case c4}) 12. O-O $11 O-O 13. Nd5 $5 (13. a5
) 13... Nxd5 14. exd5 Ne5 15. Bd4 f5 $6 {Affaiblit les cases blanches e6 et f7}
16. f4 $1 $14 Nf7 {passif plus actif est 16....Cc4} 17. Re1 $16 (17. Bxg7 Kxg7
18. Re1) 17... Rfe8 18. Kh2 Rac8 19. Bxg7 Kxg7 20. Nd4 (20. c3) 20... Qb6 21.
b3 (21. Re3 Qxb2 $4 22. Rb3) 21... Qc5 22. Qd3 (22. c4 $1 $16) 22... Kg8 23.
Re3 Rc7 24. Rae1 Bc8 25. c4 $1 Kf8 26. Qc3 Kg8 $8 27. Bf1 $1 {coup d'attente
passant le trait aux Noirs} Kf8 (27... b5 28. axb5 axb5 29. b4 {voilÃ  l'idÃ e
de Ff1 , le pion c4 est protÃ gÃ  permettant b4} Qb6 30. Nxb5) 28. Ne6+ $1 $18
Bxe6 29. dxe6 Nh6 30. Qh8+ Ng8 31. Qxh7 Qd4 32. Qf7# 1-0

[Event "Grand Prix de Monthey 2017"]
[Site "Monthey"]
[Date "2017.12.16"]
[Round "5"]
[White "Moret, Jean - Paul"]
[Black "Brandt, Daniel"]
[Result "0-1"]
[WhiteElo "2009"]
[BlackElo "1737"]
[Annotator "Darbellay,Gérald"]
[PlyCount "94"]
[EventDate "2017.12.17"]
[EventRounds "7"]
[EventCountry "SUI"]

1. d4 Nf6 2. Nf3 g6 3. c4 Bg7 4. g3 O-O 5. Nc3 d6 {DÃ fense Est - Indienne
aprÃ s 5....d5 nous serions dans une dÃ fense Grunfeld} 6. Bg2 Nbd7 7. O-O e5
8. Qc2 c6 (8... exd4 {possible mais plus passif}) 9. e3 (9. Rd1) (9. dxe5) 9...
Ng4 $5 (9... Re8) 10. h3 Nh6 $5 (10... Ngf6) 11. e4 $1 f6 {contrÃ'le e5 et
libÃ..re une case pour le cavalier} (11... exd4 12. Nxd4 Bxd4 13. Bxh6 Re8 $11)
12. Be3 Nf7 13. Rad1 $14 (13. d5 Bh6 14. Bxh6 Nxh6 15. b4 $14) 13... Qe7 14. d5
$14 (14. Rfe1) 14... h5 $6 (14... Bh6 {Ã changeant le mauvais fou est meilleur}
) 15. Qd2 $1 {voilÃ  empÃ|_che momentanÃ ment Fh6} Kh7 {pour jouer quand
mÃ|_me Fh6} 16. b4 $5 (16. Rfe1 $1 $16 Nb6 17. b3 Bh6 (17... Nd7 18. Bf1 $16)
18. Bxh6 Nxh6 19. dxc6 bxc6 20. Qxd6) 16... Nb6 $1 17. Qd3 {Les Blancs perdent
trop de temps avec leur dame malgrÃ  la menace c4-c5 facile Ã  parer} cxd5 $1
$11 18. cxd5 Bd7 19. Rc1 $11 Bh6 20. Nd2 Bxe3 21. Qxe3 f5 (21... Rac8) 22. f4
exf4 (22... h4) 23. gxf4 Rac8 $11 (23... Qf6) 24. Qe2 {interdit Cc4} a6 $6 (
24... Qf6 $1 $11) 25. exf5 Qxe2 26. fxg6+ Kxg6 27. Nxe2 Bb5 $2 (27... Nh6) 28.
Be4+ $16 Kf6 29. Rxc8 Rxc8 30. Re1 $16 Nh6 31. Nd4 Bd7 32. Re3 $2 (32. Bf3 $1
$16) 32... Nc4 33. Rd3 Nxd2 34. Rxd2 Bxh3 $15 35. Rc2 Rxc2 36. Bxc2 Nf5 37.
Nxf5 Bxf5 $19 38. Bb3 Be4 39. Kh2 Kf5 40. Kg3 h4+ 41. Kxh4 Kxf4 42. a4 Ke5 43.
b5 axb5 44. axb5 b6 45. Bc4 Bxd5 46. Bf1 Kf6 47. Kh5 Be4 0-1

[Event "Grand Prix de Monthey 2017"]
[Site "Monthey"]
[Date "2017.12.17"]
[Round "6"]
[White "Bonvin, Claude - Alain"]
[Black "Villanyi, Alexia"]
[Result "0-1"]
[WhiteElo "1601"]
[BlackElo "1515"]
[Annotator "Darbellay,Gérald"]
[PlyCount "74"]
[EventDate "2017.12.17"]
[EventRounds "7"]
[EventCountry "SUI"]

1. d4 Nf6 2. c4 g6 3. Nc3 Bg7 4. e4 d6 5. Nf3 O-O 6. Be2 e5 {la cÃ lÃ..bre dÃ
 fense Est-Indienne classique et trÃ..s analysÃ e} 7. dxe5 {Ã vite les grandes
lignes avec  7.0-0 Cc6 8. d5 Ce7 etc} dxe5 8. Qxd8 Rxd8 9. O-O $5 (9. Bg5 {le
coup logique qui menace 10.Cd5} Re8 10. Nd5 Nxd5 11. cxd5 c6 12. Bc4 cxd5 13.
Bxd5 Nd7 $1 {jouÃ  par le grand Robert James Fischer} 14. Nd2 Nc5 $11 (14...
Nf6 15. Bxf6 Bxf6 16. b3 Be6 17. Bxb7 Rad8 $1 $36)) 9... Nc6 (9... Na6) 10. Bg5
Re8 11. Rfe1 Bg4 $1 {avec l'idÃ e de contrÃ'ler l'importante case d4} 12. h3
Bxf3 13. Bxf3 Nd4 {Les Noirs n'ont plus de problÃ..me} 14. Rac1 Nxf3+ $5 (14...
c6 {gardant la position forte du cavalier et mettant les Blancs sous tension})
15. gxf3 c6 16. Red1 Rad8 $11 17. Kf1 Rd4 {remplace le cavalier sur cette case
essentielle dans l'est-Indienne} 18. Be3 $5 Rxc4 19. Bxa7 $11 (19. b3) 19...
Rb4 20. b3 Bf8 $1 {il est temps d'amener du sang frais , le Fou dormant sur la
case g7 vient Ã  l'assaut} 21. Be3 Nh5 22. Rc2 Ng7 (22... f5) 23. Rb2 Ra8 24.
Ra1 Ne6 {sus Ã  la case d4} 25. Rd2 $2 $19 {sous pression les Blancs craquent}
(25. Rd1 $15) 25... Rxb3 {simple} 26. axb3 Rxa1+ 27. Kg2 Bb4 28. Rd3 Bc5 $1 {
Ã change la piÃ..ce la plus active des Blancs} 29. Na4 Bd4 30. Bxd4 exd4 31.
Kg3 {pare la menace Cf4+} c5 $19 32. f4 c4 $1 {la rÃ alisation est toujours un
passage difficile c'est pourquoi je donne un !} 33. Rd2 cxb3 34. Nb2 Ra2 35.
Kf3 Nc5 36. Nc4 b5 37. Nb2 Na4 0-1

[Event "Monthey 2017"]
[Site "?"]
[Date "2017.12.17"]
[Round "6"]
[White "Pecorini, Angie"]
[Black "Gollut, Florian"]
[Result "1-0"]
[WhiteElo "1748"]
[BlackElo "1484"]
[Annotator "Fritz 13 (10m)"]
[PlyCount "59"]

{A58: Gambit Benko accepté} 1. d4 Nf6 2. c4 c5 3. d5 b5 4. cxb5 a6 5. bxa6 Bxa6
6. Nc3 d6 7. Nf3 g6 8. g3 Bg7 9. Bg2 Nbd7 10. Rb1 Qa5 11. Bd2 {dernier coup de
la bibliothèque} Rb8 $11 12. Qc2 O-O 13. O-O Bc4 14. b3 Ba6 15. Rfd1 Rb4 (15...
Ng4 16. Rbc1 Rfe8 17. Re1) 16. Na4 $1 {cloue la tour b4} Rc8 17. a3 $18 Nxd5 (
17... Bxe2 18. Bxb4 Qa6 19. Bc3 Bxd1 20. Rxd1 Ng4 21. Re1 Bxc3 22. Nxc3 Qxa3
23. Rxe7 Rd8) 18. axb4 cxb4 19. Qa2 Ra8 20. Ng5 Bxe2 21. Re1 (21. Bxb4 Nxb4 22.
Qxe2 Re8 23. Rxd6 Ne5 24. Rdd1) 21... Bd3 22. Rbd1 Bd4 (22... N7f6 23. Bf4 Bf5
24. Qd2 Nxf4 25. Qxf4) 23. Bxd5 (23. Bf4 Nxf4 24. gxf4 Nc5 25. Bxa8 Qxa8 26.
Rxe7 h6 27. Qd2 Qc8 28. Nxc5 Qg4+) 23... Qxd5 24. Bxb4 Nc5 (24... Qxg5 25. Rxd3
Ne5 26. Rxe5 dxe5 27. Qe2 Qf5 28. Kg2) 25. Bxc5 Bxc5 (25... dxc5 {meilleur Ã
 tait} 26. Qd2 Rf8 27. Rxe7 Bf5) 26. Rxe7 (26. Qd2 {meilleur aussi} Re8 27. Nh3
Bxf2+ 28. Nxf2 Qxb3 29. Nc5 dxc5 30. Qxd3 Qb8 31. Qd7 Kf8 32. Ra1) 26... Qxg5
27. Rde1 Kf8 $1 (27... Bd4 28. b4 Rf8 $14) 28. Qb2 f6 29. Nxc5 Qxc5 30. h4 (30.
Qxf6+) 1-0

[Event "GP de Monthey 2017"]
[Site "Monthey"]
[Date "2017.12.17"]
[Round "6"]
[White "Colmenares, Aurelio"]
[Black "Pavlovic, Milos"]
[Result "1/2-1/2"]
[WhiteElo "2368"]
[BlackElo "2463"]
[Annotator "Deep Fritz 14 (11m)"]
[PlyCount "79"]
[EventDate "2017.12.17"]
[EventType "swiss"]
[EventRounds "6"]
[EventCountry "SUI"]

{C45: Partie écossaise} 1. e4 e5 2. Nf3 Nc6 3. d4 {VoilÃ  le coup de la partie
Ã cossaise 3. Fb5 et 3.Fc4 sont plus jouÃ s actuellement} exd4 4. Nxd4 Nf6 (
4... Bc5 {[%emt 0:00:00]} 5. Nxc6 {[%emt 0:00:00]} Qf6 {[%emt 0:00:00]} 6. Qd2
{[%emt 0:00:00]}) 5. Nxc6 bxc6 6. e5 Qe7 {Cd5 est Ã galement jouable malgrÃ 
c4 , De7 force les Blancs Ã  placer la Dame sur une case qui bloque le Ff1} 7.
Qe2 Nd5 {les Blancs menacaient exf6} 8. c4 Ba6 {un 2Ã..me clouage visant la
dame e2} 9. Nd2 {avec L'idÃ e De4 libÃ..rant le Fou f1 avec tempo par la
menace de la prise du cavalier Ã  noter que Cd2 protÃ..ge la Dame en e4} (9. b3
) (9. f4 $6 Qb4+) (9. g3 $5) 9... g6 (9... Nf4 10. Qe3 Ng6 11. f4 d5) 10. Nf3
$5 (10. Qe4 Nb6) (10. b3 Bg7 11. Bb2) 10... Bg7 {dernier coup de la
bibliothèque} 11. b3 (11. Bg5 Qb4+ 12. Qd2 Qxd2+ 13. Bxd2 Nb6 14. Rc1 O-O 15.
Be2 $11) 11... O-O $15 (11... f6) 12. Bb2 {idÃ e de dÃ clouer la dame avec Dd2}
d6 (12... f6) 13. O-O-O dxe5 14. Bxe5 Bh6+ (14... Rae8) 15. Kb1 $11 Rad8 16.
Qe1 Nb4 17. Bd4 (17. a3 Rxd1+ 18. Qxd1 Rd8 19. Qe1 f6 20. Qxb4 c5 $1 $17) 17...
Rfe8 $15 18. Qxe7 Rxe7 19. c5 (19. a3 c5 $1 $15) 19... Bxf1 $2 $11 (19... Bc8
$1 $17 {menace Ff5+} 20. Kb2 (20. Nh4 Bg7) (20. Bc4 Bf5+ 21. Kb2 Red7 22. Be2
Rxd4 23. Nxd4 Bg7 24. Ka3 Rxd4 25. Rxd4 Nc2+ 26. Ka4 Nxd4 27. Bc4 Bf8 28. b4
Bh6 $19) 20... Bf5 21. a3 Nc2 $19) 20. Rhxf1 Re2 21. Rfe1 $1 $11 Rxa2 22. Bc3
Rb8 23. Bxb4 Rxf2 24. Bd2 Rxg2 25. Kc2 Bf8 26. Rg1 Rxg1 27. Rxg1 Bxc5 28. Re1
Rd8 $11 29. Re5 Rd5 $14 (29... Bd6 30. Ra5 Re8 31. Rxa7 f6 32. Ba5 Re3 $11) 30.
Re8+ Kg7 31. Bc3+ f6 32. Rc8 Bd6 33. h4 Kf7 34. Rh8 Kg7 35. Rd8 Bg3 36. Re8 Kf7
37. Rh8 Kg7 38. Re8 Kf7 39. Rh8 Kg7 40. Re8 {nulle par rÃ pÃ tition} 1/2-1/2

[Event "Grand Prix de Monthey 2017"]
[Site "Monthey"]
[Date "2017.12.17"]
[Round "7"]
[White "Zaza, Alexandre"]
[Black "Gsponer, André"]
[Result "1-0"]
[WhiteElo "1984"]
[BlackElo "1854"]
[Annotator "Darbellay,Gerald"]
[PlyCount "39"]
[EventDate "2017.12.17"]
[EventRounds "7"]
[EventCountry "SUI"]

1. e4 c5 2. Nf3 Nc6 3. Nc3 g6 4. d4 cxd4 5. Nxd4 {Dragon accÃ lerÃ } Bg7 6.
Nde2 (6. Be3 Nf6 7. f3 O-O 8. Qd2 d5 9. Nxc6 bxc6 10. e5 Nd7 11. f4 e6 $1 {
menace c5} 12. Na4 $2 Nxe5 $1 13. fxe5 Qh4+ 14. Bf2 Qxa4 $17 {une des idÃ es
de la sicilienne dragon accÃ lerÃ }) 6... Nf6 7. g3 (7. Nf4) 7... O-O 8. Bg2 d6
9. O-O Bg4 $5 (9... Ne5) (9... Bd7) 10. h3 Bd7 11. Be3 a5 $5 (11... Qc8 $1 12.
g4 (12. Kh2 Ne5 13. Qc1 Qc7 $15) 12... h5) 12. a4 Rc8 (12... Qc8) (12... Nb4)
13. Nb5 Nb4 14. c3 Bxb5 $4 (14... Na6 $1 15. f4 Bc6) 15. axb5 $18 Rc4 16. cxb4
Rxb4 17. b6 Nxe4 18. Rxa5 Nf6 19. Qd2 Rb3 20. Nc1 1-0